000 01206nam0a2200289 4500
001 RU\NLR\BIBL_A\012149855
005 20191220152247.0
010 _a978-5-00150-532-7
_9200
021 _aRU
_bКН-П-19-081641
_9КН-П-19-5937
035 _a(NLR Aleph) 012149855
090 _a12142057
_c12142057
100 _a20191129d2019 u y0rusy50 ca
101 0 _arus
102 _aRU
105 _a z 000zy
200 1 _aДневник боевой славы
_e[летопись пути Кантемировской танковой дивизии]
_fМелиоранский Серафим Сергеевич
210 _aМосква
_cПеро
_d2019
215 _a151 с.
_cил.
_d21
601 0 2 _aКантемировский гвардейский танковый корпус
_c4
_xИстория
_z1942 - 1945
_2nlr_sh2
_3RU\NLR\AUTH\661311340
686 1 _aЦ35(2)722-53-212
700 1 _aМелиоранский
_bС.С.
_gСерафим Сергеевич
942 _cBOOK
980 _aNBR
980 _aNB